| 000 | 00589nam a22001931 4500 | ||
|---|---|---|---|
| 001 | bimo0001175873 | ||
| 003 | OSt | ||
| 005 | 20150313174009.0 | ||
| 008 | 930725s1956 sp spa | ||
| 040 | _cBMC | ||
| 082 | _a863.809 | ||
| 100 | 1 |
_aBaquero Goyanes, Mariano _929368 |
|
| 245 | 1 | 3 |
_aLa novela española vista por Menéndez Pelayo _cMariano Baquero Goyanes |
| 260 |
_aMadrid _bEd. Nacional _c1956 |
||
| 300 |
_a252 p., 2 h. _c21 cm |
||
| 490 | 0 |
_aLibros de Actualidad Intelectual _v21 |
|
| 650 | 2 | 4 |
_aNovela española _xHistoria y crítica _928279 |
| 942 |
_2ddc _cBK _hahoj |
||
| 999 |
_c19560 _d19560 |
||